000 00352 a2200157 4500
001 152076
040 _cEscola São Tomás de Aquino
100 _aPAOLIELLO, Lindolfo
240 1 0 _aO poeta que não sou
_lpor
245 1 0 _aO poeta que não sou
300 _a105
362 0 _a1986
440 1 _a
697 _a*LITERATURA JUVENIL
942 _cBK
999 _c152076
_d152076